Shine : (Record no. 3390)

MARC details
000 -LEADER
fixed length control field 01678cam a2200373 a 4500
001 - CONTROL NUMBER
control field 3390
003 - CONTROL NUMBER IDENTIFIER
control field FISKH
005 - DATE AND TIME OF LATEST TRANSACTION
control field 20240301115621.0
008 - FIXED-LENGTH DATA ELEMENTS--GENERAL INFORMATION
fixed length control field 100614s2011 maua b 001 0 eng
010 ## - LIBRARY OF CONGRESS CONTROL NUMBER
LC control number 2010024950
015 ## - NATIONAL BIBLIOGRAPHY NUMBER
National bibliography number GBB0A1979
Source bnb
016 7# - NATIONAL BIBLIOGRAPHIC AGENCY CONTROL NUMBER
Record control number 015635305
Source Uk
020 ## - INTERNATIONAL STANDARD BOOK NUMBER
International Standard Book Number 9781591399230 (hbk. : alk. paper)
020 ## - INTERNATIONAL STANDARD BOOK NUMBER
International Standard Book Number 1591399238 (hbk. : alk. paper)
035 ## - SYSTEM CONTROL NUMBER
System control number (OCoLC)ocn610849562
040 ## - CATALOGING SOURCE
Original cataloging agency DLC
Transcribing agency DLC
Modifying agency YDX
-- BTCTA
-- UKM
-- YDXCP
-- B2A
-- CDX
-- ORX
-- EINCP
-- BWX
-- VP@
-- DLC
Language of cataloging eng
050 00 - LIBRARY OF CONGRESS CALL NUMBER
Classification number HF5549.5.M63
Item number H345 2011
082 00 - DEWEY DECIMAL CLASSIFICATION NUMBER
Classification number 658.3/14
Edition number 22
100 1# - MAIN ENTRY--PERSONAL NAME
Personal name Hallowell, Edward M.
245 10 - TITLE STATEMENT
Title Shine :
Remainder of title using brain science to get the best from your people /
Statement of responsibility, etc. Edward M. Hallowell.
260 ## - PUBLICATION, DISTRIBUTION, ETC.
Place of publication, distribution, etc. Boston :
Name of publisher, distributor, etc. Harvard Business Review Press,
Date of publication, distribution, etc. 2011.
300 ## - PHYSICAL DESCRIPTION
Extent 197 pages :
Other physical details illustrations ;
Dimensions 25 cm
504 ## - BIBLIOGRAPHY, ETC. NOTE
Bibliography, etc. note Includes bibliographical references and index.
505 0# - FORMATTED CONTENTS NOTE
Formatted contents note Introduction: brain science, peak performance, and finding the shine -- Five steps to peak performance -- Select -- Connect -- Play -- Grapple and grow -- Shine -- The cycle of excellence.
520 ## - SUMMARY, ETC.
Summary, etc. Creating that spark and inspiring someone to perform at their highest levels isn't rocket science; but it is brain science. Drawing from his expertise helping people reach their full potential and synthesizing the latest research, Hallowell offers managers a five-step process that leads to peak performance.
650 #0 - SUBJECT ADDED ENTRY--TOPICAL TERM
Topical term or geographic name entry element Employee motivation.
650 #0 - SUBJECT ADDED ENTRY--TOPICAL TERM
Topical term or geographic name entry element Job satisfaction.
650 #0 - SUBJECT ADDED ENTRY--TOPICAL TERM
Topical term or geographic name entry element Performance.
650 #0 - SUBJECT ADDED ENTRY--TOPICAL TERM
Topical term or geographic name entry element Management.
650 #0 - SUBJECT ADDED ENTRY--TOPICAL TERM
Topical term or geographic name entry element Interpersonal relations.
906 ## - LOCAL DATA ELEMENT F, LDF (RLIN)
a 7
b cbc
c orignew
d 1
e ecip
f 20
g y-gencatlg
942 ## - ADDED ENTRY ELEMENTS (KOHA)
Source of classification or shelving scheme Dewey Decimal Classification
Koha item type Books
Suppress in OPAC No
Holdings
Withdrawn status Lost status Source of classification or shelving scheme Damaged status Not for loan Collection Home library Current library Shelving location Date acquired Total Checkouts Full call number Barcode Date last seen Price effective from Koha item type
    Dewey Decimal Classification     Non-Fiction Footprints International School Library Network Toul Kork Campus Footprints International School Library Network Toul Kork Campus   03/01/2024   HAL 658.3 HF5549.M63 FISSE04451 03/01/2024 03/01/2024 Books